| 000 | 00624nam a22001817a 4500 | ||
|---|---|---|---|
| 003 | BD-DhUL | ||
| 005 | 20160907154444.0 | ||
| 008 | 160907s1974 bg ||||| |||| 00| 0 ben | ||
| 040 |
_aBD-DhUL _cBD-DhUL |
||
| 082 |
_a954.92 _bMAB |
||
| 245 | 0 | 0 |
_aবাঙলাদেশ / _cমনসুর মুসা |
| 260 |
_aঢাকা : _bনওরোজ কিতাবিস্তান, _c১৯৭৪. |
||
| 300 |
_a৫২২ পৃ. ; _c২১ সেমি. |
||
| 651 | 0 | _aবাংলাদেশ - ইতিহাস | |
| 651 | 0 | _aBangladesh-History | |
| 700 | 1 | _a মুসা, মনসুর | |
| 942 |
_2ddc _cBK |
||
| 999 |
_c104663 _d104663 |
||